000 01697 a2200229 4500
001 25262
005 20260407155536.0
008 260407a1995 arg spa d
003 AR-UNSa-BCEJYS
040 _aAR-UNSa-BCEJYS
_bspa
_cAR-UNSa-BCEJYS
080 _a657(083)
_xResoluciones Técnicas Contables. Informes
245 1 0 _aNormas de exposición de estados contables en la República Argentina
_pEmpresas industriales, comerciales y de servicios y entes sin fines de lucro. Resoluciones Técnicas Nº 8,9 y 11 de la F.A.C.P.C.E. Manual teórico práctico
020 _a950-537-318-X
264 1 _aBuenos Aires :
_bEdiciones Macchi
_c1995
300 _a174 p.
_c22 cm.
505 _a1. Antecedentes en el país y en normas internacionales - 2. Sustento teórico de la Resolución técnica Nº 8 - 3. Las cualidades de la información en general - 4. Las cualidades de la información contable - 5. La resolución técnica Nº 8. Normas generales de exposición contales. Principales novedades respecto a las normas vigentes con anterioridad - 6. La resolución técnica Nº 9. Normas particulares de exposición contable para entes comerciales, industriales y de servicios - 7. Modelos de estados contables conforme las resoluciones técnicas Nº8 y 9; excepciones a ciertas normas - 8. Resolución técnica Nº 11.Normas particulares de exposición contable para entes sin fines de lucro - 9. Casos de aplicación.
942 _cBK
590 _aniveau_biblio:m niveau_hierar:0
100 1 _aBiondi, Mario
650 _aRESOLUCION TECNICA Nº 8 RESOLUCION TECNICA Nº 9 RESOLUCION TECNICA Nº 11
650 _a resolucion tecnica nº 8 resolucion tecnica nº 9 resolucion tecnica nº 11
999 _c1351
_d1351